000 004540000a22001810004500
003 MACL
005 20151018162626.0
008 151018b xxu||||| |||| 00| 0 eng d
040 _aMACL
_cMACL
041 _aEnglish
082 _a954/IMA
100 _aImam, Md. Muzaffar
_915945
245 _aRole Of Muslims In The National Movement
260 _bMittal Publication
_c1987
_aDelhi
350 _a155
650 _aHistory
_915946
942 _cBK
_k954
_2ddc
999 _c6278
_d6278